| 000 | 005450000a22001690004500 | ||
|---|---|---|---|
| 003 | MACL | ||
| 005 | 20210408123834.0 | ||
| 008 | 210408b xxu||||| |||| 00| 0 eng d | ||
| 040 | _cmacl | ||
| 082 | _a741.642 | ||
| 100 |
_aपाठक, रघुनाथ प्रसाद _937357 |
||
| 245 | _aदेश भक्त बच्चे | ||
| 260 |
_bदिल्ली _cसन्मार्ग प्रकाशन _a1965 |
||
| 350 | _a2 | ||
| 650 |
_aचिल्ड्रन बुक _9159 |
||
| 942 |
_cHIN _k741.462 _2ddc |
||
| 999 |
_c26342 _d26342 |
||